000 00425nam a22001817a 4500
003 MPLRDC
005 20220104143826.0
008 210129b ||||| |||| 00| 0 eng d
020 _a957-8977-81-6
082 _a295 MYJS
100 _a妙音居士
245 _a密宗开运求财致富法
_c
260 _a
_b知青频道
_c
300 _b
490 _a开运系列. 6
650 _a巫术
942 _cBK
_o295 MYJS
999 _c43715
_d43705